Catálogo

Pursuits of happiness : (Registro nro. 67251)

Detalles MARC
000 -LEADER
fixed length control field 01003nam a2200289 u 4500
001 - CONTROL NUMBER
control field 67251
005 - DATE AND TIME OF LATEST TRANSACTION
control field 20221207111401.0
008 - FIXED-LENGTH DATA ELEMENTS--GENERAL INFORMATION
fixed length control field 170502s2010 xxu r 000 0 eng d
020 ## - INTERNATIONAL STANDARD BOOK NUMBER
International Standard Book Number 9781845457082
040 ## - CATALOGING SOURCE
Description conventions rda
041 0# - LANGUAGE CODE
Language code of text/sound track or separate title eng
082 0# - DEWEY DECIMAL CLASSIFICATION NUMBER
Classification number 306.09
Item number MAT
100 1# - MAIN ENTRY--PERSONAL NAME
Personal name Mathews, Gordon,
Relator term editor
9 (RLIN) 4301
245 10 - TITLE STATEMENT
Title Pursuits of happiness :
Remainder of title well-being in anthropological perspective /
Statement of responsibility, etc. Edited by Gordon Mathews and Carolina Izquierdo.
250 ## - EDITION STATEMENT
Edition statement First edition
264 #1 - PRODUCTION, PUBLICATION, DISTRIBUTION, MANUFACTURE, AND COPYRIGHT NOTICE
Place of production, publication, distribution, manufacture United States of America :
Name of producer, publisher, distributor, manufacturer Berghahn Books,
Date of production, publication, distribution, manufacture, or copyright notice 2010
300 ## - PHYSICAL DESCRIPTION
Extent x, 278 páginas ;
Dimensions 23 cm.
336 ## - CONTENT TYPE
Content type term texto
Source rdacontent
Content type code txt
337 ## - MEDIA TYPE
Media type term sin medio
Source rdamedia
Media type code n
338 ## - CARRIER TYPE
Carrier type term volumen
Source rdacarrier
Carrier type code nc
650 #4 - SUBJECT ADDED ENTRY--TOPICAL TERM
Topical term or geographic name entry element Calidad de vida
General subdivision Estudios interculturales
650 #4 - SUBJECT ADDED ENTRY--TOPICAL TERM
Topical term or geographic name entry element Bienestar
General subdivision Estudios interculturales
650 #4 - SUBJECT ADDED ENTRY--TOPICAL TERM
Topical term or geographic name entry element Felicidad
General subdivision Estudios interculturales
650 #4 - SUBJECT ADDED ENTRY--TOPICAL TERM
Topical term or geographic name entry element Antropología
General subdivision Filosofía
700 1# - ADDED ENTRY--PERSONAL NAME
Personal name Izquierdo, Carolina,
Relator term editor
9 (RLIN) 4302
942 ## - ADDED ENTRY ELEMENTS (KOHA)
Classification part 306.09
Item part MAT
Koha item type Libro
Existencias
Withdrawn status Lost status Source of classification or shelving scheme Damaged status Not for loan Collection code Home library Current library Shelving location Date acquired Source of acquisition Total Checkouts Full call number Barcode Checked out Date last seen Date last checked out Price effective from Koha item type
    Dewey Decimal Classification     Magisterial Biblioteca Karol Wojtyla Biblioteca Karol Wojtyla Módulo de circulación 30/05/2017 Compra 1 306.09 MAT 2010 93584 23/08/2017 23/08/2017 23/08/2017 14/06/2017 Magisterial
    Dewey Decimal Classification     Magisterial Biblioteca Karol Wojtyla Biblioteca Karol Wojtyla Módulo de circulación 02/05/2017 Compra 1 306.09 MAT 2010 97548 17/05/2017 17/05/2017 17/05/2017 14/06/2017 Magisterial